000 01034nas a2200325 4500
001 BR0102494
003 BR-BrBNA
005 20231205102242.0
007 ta
008 230509b bl.|||p| |||| 00| 00por d
040 _aBR-BrBNA
_bpor
_cBiblioteca Nacional de Agricultura
041 _a(En)
072 _aL73; L70
100 1 _aLemos, G.C.S.
100 1 _aOliveira, L.O.
100 1 _aEberli, B.B.
100 1 _aMota, O.V.
100 1 _aFolly, M.M.
245 1 _aBactericidal activity of macela (Achyrocline satureioides (Lam.)DC.)and jaborandi-falso (Piper aduncum L.)against strains of Staphylococcus aureus isolated from subclinical bovine mastitis
650 _aBovino
650 _aMacela
650 _aJaborandi
650 _aExtrato Vegetal
650 _aBactericida
650 _aArtrite
650 _aMamite
773 0 _tRevista Brasileira de Plantas Medicinais (Brazil)
_xISSN 1516-0572
_g(Oct 2000), v. 3(1) p. 67-72
_wBR0102494
909 _a202311
_bLúcia
_c55
_dLúcia Elande
942 _2AGRIS
_n0
_cANA
999 _c166570
_d166570